000 00256nam a2200109Ia 4500
008 200302s9999 xx 000 0 und d
100 _aJames Y U
245 _aHotel Proposals
260 _bDesign Media Publishing (UK) Ltd.,
260 _c2010
300 _a287
999 _c6197
_d6197